000 01083nam a2200253 4500
001 39216
003 BD-RjUL
005 20211209052938.0
008 160405r20102007bg ||||e |||| 00| 0 ben d
020 _a9840748947
_c: TK. 160.00
035 _a(BD-RjUL)39328
040 _aBD-RjUL
_bben
_cBD-RjUL
041 _aben
082 _223
_bPAB 2010
_a954.9205
100 _aপারভিন, শাহনাজ
_9120938
245 1 0 _aবাংলাদেশের স্বাধীনতা যুদ্ধে নারীর অবদান /
_cশাহনাজ পারভিন
260 _aঢাকা :
_bবাংলা একাডেমী,
_c২০০৭ [পুনর্মুদ্রণ ২০১০]
300 _a[১০], ৩২৮ পৃ. ;
_c২১ সেমি.
490 _aবাএ :
_v৪৮৮৬
504 _aগ্রন্থপঞ্জি সম্বলিত
650 _aবাংলাদেশ
_xইতিহাস
_yবিপ্লব, ১৯৭১
_9120922
650 _aBangladesh
_xHistory
_yRevolution, 1971
_9118262
942 _2ddc
_cBK
_01
999 _c39216
_d39216